Polscy Medaliści Igrzysk Olimpijskich w Szermierce - Statystyki

Ogólne statystyki
  • Ten quiz został rozwiązany 8 razy
  • Średni wynik to 36 z 85
Statystyki odpowiedzi
Wskazówka Odpowiedź % Poprawnych
2024 Paryż Aleksandra Jarecka
75%
2024 Paryż Alicja Klasik
75%
2000 Sydney Anna Rybicka
75%
1964 Tokio Egon Franke
75%
1964 Tokio Egon Franke
75%
1968 Meksyk Egon Franke
75%
1988 Seul Janusz Olech
75%
1956 Melbourne Jerzy Pawłowski
75%
1956 Melbourne Jerzy Pawłowski
75%
1960 Rzym Jerzy Pawłowski
75%
1964 Tokio Jerzy Pawłowski
75%
1968 Meksyk Jerzy Pawłowski
75%
1980 Moskwa Marian Sypniewski
75%
1992 Barcelona Marian Sypniewski
75%
2024 Paryż Martyna Swatowska-Wenglarczyk
75%
1992 Barcelona Piotr Kiełpikowski
75%
1996 Atlanta Piotr Kiełpikowski
75%
2008 Pekin Radoslaw Zawrotniak
75%
2024 Paryż Renata Knapik-Miazga
75%
2008 Pekin Robert Andrzejuk
75%
2000 Sydney Sylwia Gruchała
75%
2004 Ateny Sylwia Gruchała
75%
2008 Pekin Tomasz Motyka
75%
1992 Barcelona Adam Krzesiński
50%
1996 Atlanta Adam Krzesiński
50%
1928 Amsterdam Adam Papee
50%
1932 Los Angeles Adam Papee
50%
2008 Pekin Adam Wiercioch
50%
1928 Amsterdam Aleksander Małecki
50%
1972 Monachium Arkadiusz Godel
50%
2000 Sydney Barbara Wolnicka
50%
1992 Barcelona Cezary Siess
50%
1972 Monachium Jerzy Kaczmarek
50%
2000 Sydney Magdalena Mroczkiewicz
50%
1972 Monachium Marek Dąbrowski
50%
1980 Moskwa Mariusz Strzałka
50%
1956 Melbourne Ryszard Zub
50%
1960 Rzym Ryszard Zub
50%
1964 Tokio Ryszard Zub
50%
1964 Tokio Witold Woyda
50%
1968 Meksyk Witold Woyda
50%
1972 Monachium Witold Woyda
50%
1972 Monachium Witold Woyda
50%
1956 Melbourne Wojciech Zabłocki
50%
1960 Rzym Wojciech Zabłocki
50%
1964 Tokio Wojciech Zabłocki
50%
1980 Moskwa Andrzej Lis
25%
1956 Melbourne Andrzej Piątkowski
25%
1960 Rzym Andrzej Piątkowski
25%
1964 Tokio Andrzej Piątkowski
25%
1980 Moskwa Barbara Wysoczańska
25%
1980 Moskwa Bogusław Zych
25%
1960 Rzym Emil Ochyra
25%
1964 Tokio Emil Ochyra
25%
1968 Meksyk Henryk Nielaba
25%
1964 Tokio Janusz Różycki
25%
1996 Atlanta Jarosław Rodzewicz
25%
1928 Amsterdam Jerzy Zabielski
25%
1972 Monachium Lech Koziejowski
25%
1980 Moskwa Lech Koziejowski
25%
1932 Los Angeles Leszek Lubicz-Nycz
25%
1956 Melbourne Marian Kuszewski
25%
1960 Rzym Marian Kuszewski
25%
1932 Los Angeles Marian Suski
25%
1964 Tokio Ryszard Parulski
25%
1968 Meksyk Ryszard Parulski
25%
1992 Barcelona Ryszard Sobczak
25%
1996 Atlanta Ryszard Sobczak
25%
1928 Amsterdam Tadeusz Friedrich
25%
1932 Los Angeles Tadeusz Friedrich
25%
1932 Los Angeles Władysław Dobrowolski
25%
1964 Tokio Zbigniew Skrudlik
25%
1968 Meksyk Zbigniew Skrudlik
25%
1956 Melbourne Zygmunt Pawlas
25%
1968 Meksyk Adam Lisewski
0%
1980 Moskwa Adam Robak
0%
1968 Meksyk Bohdan Andrzejewski
0%
1968 Meksyk Bohdan Gonsior
0%
1968 Meksyk Kazimierz Barburski
0%
1928 Amsterdam Kazimierz Laskowski
0%
1980 Moskwa Leszek Swornowski
0%
1968 Meksyk Michał Butkiewicz
0%
1980 Moskwa Piotr Jabłkowski
0%
1928 Amsterdam Władysław Segda
0%
1932 Los Angeles Władysław Segda
0%
Nie znaleziono quizów pasujących do podanych kryteriów
Rozkład punktacji
Procent ludzi z każdym wynikiem
Percentyl według liczby udzielonych odpowiedzi
Twoja historia wyników
Nie rozwiązałeś tego quizu